000 01175cam a2200325 a 4500
001 15843959
003 OSt
005 20140310181637.0
008 090730s2005 nyua b 001 0 eng
010 _a 2009455792
020 _a9780439567282 (pbk.)
040 _aDLC
_cDLC
_dDLC
050 0 0 _aLB 1025.3
_b.Sh528 1998
082 _aTR 371.1
_bSh16 1998
100 1 _aShalaway, Linda.
_930
245 1 0 _aLearning to teach :
_b...not just for beginners : the essential guide for all teachers /
_cby Linda Shalaway.
250 _aRev. and expanded 3rd. ed.
260 _aNew York :
_bScholastic,
_cc2005.
300 _a352 p. :
_bill. ;
_c28 cm.
490 0 _aTeaching resources
521 _aFaculty
541 _j1
562 _eFor circulation. 1 copy in the collection
650 0 _aTeaching
_vHandbooks, manuals, etc.
_9104
650 0 _aTeaching
_xAids and devices
_vHandbooks, manuals, etc.
_9105
650 0 _aActivity programs in education
_vHandbooks, manuals, etc.
_9106
906 _a7
_bcbc
_corignew
_d3
_encip
_f20
_gy-gencatlg
942 _2lcc
_cBK-TR
_kTR
999 _c711
_d711